Cover

LEADER 00000ntm a22000007u 4500
001 zp32310
041 |a slo 
100 1 |a Kseňák, Marián  |4 dis 
245 1 0 |a Analýza závislosti vývoje obratu ve firmě Baťa a.s. 
246 |a Analysis of the Dependence of Turnover Development in the Company Bata 
260 |c 2013 
300 |a 77 s. 
500 |a Studijní obor: Management a ekonomika, specializace Management a ekonomika podniku 
500 |a Studijní obor: Management and Economics Specialization: Enterprise Management and Economics 
500 |a Ústav: Ústav podnikové ekonomiky 
500 |a Univerzita Tomáše Bati ve Zlíně. Fakulta managementu a ekonomiky 
500 |a Tomas Bata University in Zlín. Faculty of Management and Economics 
506 |a Bez omezení 
653 |a obrat 
653 |a Baťa 
653 |a ekonomická situácia 
653 |a hrubý domáci produkt 
653 |a inflácia 
653 |a spotrebiteľské výdaje domácností 
653 |a cena 
653 |a kvalita 
653 |a konkurencia 
653 |a horizontálna analýza 
653 |a rentabilita 
653 |a marketing 
653 |a reklama 
653 |a Turnover 
653 |a Bata 
653 |a Economic Situation 
653 |a Gross Domestic Product 
653 |a Inflation 
653 |a Household Final Consumption Expenditure 
653 |a Price 
653 |a Quality 
653 |a Competition 
653 |a Horizontal Analysis 
653 |a Profitability 
653 |a Marketing 
653 |a Advertising 
655 4 |a bakalářská práce 
700 1 |a Slinták, Karel  |4 ths 
710 2 |a Univerzita Tomáše Bati ve Zlíně. Fakulta managementu a ekonomiky  |4 dgg 
710 2 |a Tomas Bata University in Zlín. Faculty of Management and Economics  |4 dgg 
856 4 0 |u http://hdl.handle.net/10563/24272  |y Plný text v Digitální knihovně UTB